000 00359pab a2200145 454500
008 180718b2006 xxu||||| |||| 00| 0 eng d
100 _aKumar, Velu Suresh
245 _aFDI from developing countries: the case of India
260 _c2006
300 _ap.25-9.
362 _aDec
650 _aForeign investment
773 _aThird Concept
909 _a72634
999 _c72634
_d72634